Ecosan - closing the loop in wastewater management and sanitation : Proceesing of the International Symposium, 30-31 October 2000, Bonn, Germany
Na minha lista:
| Formato: | Livro |
|---|---|
| Idioma: | inglês |
| Publicado em: |
Eschborn :
Deutsche Gesellschaft fur Technische Zusammenarbeit,
2001
|
| Tags: |
Sem tags, seja o primeiro a adicionar uma tag!
|
MARC
| LEADER | 00000nam a22000003a 4500 | ||
|---|---|---|---|
| 001 | stu76252 | ||
| 005 | 20150408175531.5 | ||
| 008 | 020624s2001----gw------------------eng-d | ||
| 040 | |a STU |b slo | ||
| 041 | 0 | |a eng | |
| 044 | |a gw | ||
| 080 | |a 502.5 | ||
| 080 | |a 658.5 | ||
| 245 | |a Ecosan - closing the loop in wastewater management and sanitation : |b Proceesing of the International Symposium, 30-31 October 2000, Bonn, Germany | ||
| 260 | |a Eschborn : |b Deutsche Gesellschaft fur Technische Zusammenarbeit, |c 2001 | ||
| 300 | |a 318 s. Obr.,tab.,grafy | ||
| 996 | |b C96841 |c C*96841 |l CCXXVI |s P |a 0 |w stu76252_0001 | ||